000
00297nam a2200121Ia 4500
008
220216s9999 xx 000 0 und d
245
0
_a
Nurseries : Establishment and maintenance
260
_b
Planters Bulletin
_c
1959
300
_a
52-56
650
_a
Manuring
650
_a
Planting
942
_c
JS
999
_c
64224
_d
64224